Punk Band Names 2025: Click Quiz - Statistics

General Stats
  • This quiz has been taken 18 times
  • The average score is 5 of 27
Answer Stats
Hint Answer % Correct
Saturdays at Your Place
50%
Feel the Pain
44%
La Dispute
38%
Arm's Length
38%
The Starting Line
38%
Aren't We Amphibians
25%
Moving Mountains
25%
Algernon Cadwallader
19%
Militarie Gun
19%
Pupil Slicer
19%
My Point of You
19%
First Day Back
13%
L.S. Dunes
13%
Lambrini Girls
13%
For Your Health
13%
End It
13%
Pool Kids
13%
Florida Man
13%
Hot Mulligan
13%
Secret World
13%
Good Luck
6%
Ben Quad
6%
Die Spitz
6%
Tiny Voices
6%
Destiny Bond
0%
Kerosene Heights
0%
Spite House
0%
No matching quizzes found
Score Distribution
Percent of People with Each Score
Percentile by Number Answered
Your Score History
You have not taken this quiz